[Event "Challenge"]
[Site "http://www.queenalice.com/game.php?id=1502738"]
[Date "2017.11.9"]
[Round "-"]
[White "taijutsu"]
[Black "TomasBlack"]
[Result "1-0"]
[WhiteElo "1227"]
[BlackElo "2316"]

1. e4 c6 2. Nc3 e5 3. Nh3 Nf6 4. Bc4 d5 5. exd5 cxd5 6. Bb5+ Bd7 7. O-O Bd6 8.
f4 e4 9. d4 exd3 10. Re1+ Be7 11. cxd3 O-O 12. g4 Bxg4 13. Qd2 Bxh3 14. d4 Bb4
15. f5 Ne4 16. Rxe4 dxe4 17. Qe3 Bxc3 18. Qxc3 Qg5+ 19. Bxg5 Na6 20. Be7 Rfc8
21. Qxh3 Rc2 22. f6 Nc5 23. Qg3 Ne6 24. d5 Rac8 25. dxe6 g6 26. Qe3 Rxb2 27. Qh6
e3 28. Qg7# 1-0

[Event "Challenge"]
[Site "http://www.queenalice.com/game.php?id=1504592"]
[Date "2017.11.20"]
[Round "-"]
[White "eduardocosta"]
[Black "taijutsu"]
[Result "0-1"]
[WhiteElo "1749"]
[BlackElo "1257"]

1. e3 e5 2. Nf3 Bd6 3. b3 Nc6 4. Bb5 e4 5. Bxc6 bxc6 6. Nd4 Nf6 7. Bb2 O-O 8. c4
Be5 9. Nxc6 dxc6 10. Bxe5 Bg4 11. Qc2 Re8 12. Bd4 Qd6 13. c5 Qd5 14. Nc3 Qf5 15.
O-O Bh3 16. Bxf6 Bxg2 17. Kxg2 Qf3+ 18. Kg1 Re6 19. Bd4 Rg6# 0-1

[Event "Challenge"]
[Site "http://www.queenalice.com/game.php?id=1505123"]
[Date "2017.11.23"]
[Round "-"]
[White "TomasBlack"]
[Black "taijutsu"]
[Result "1-0"]
[WhiteElo "2206"]
[BlackElo "1287"]

1. c4 c5 2. g3 Nf6 3. Bg2 e5 4. Nf3 Bd6 5. O-O O-O 6. Nc3 e4 7. Ng5 Ng4 8. Bxe4
Qxg5 9. h4 Qh5 10. d4 Bxg3 11. fxg3 Ne3 12. Bxe3 Qg4 13. Bf4 Nc6 14. Bf3 Qe6 15.
d5 Qf6 16. dxc6 Qd4+ 17. e3 Qxc4 18. cxd7 Rd8 19. Bxb7 Bxb7 20. Bc7 Qe6 21. Bxd8
Qxe3+ 22. Kh2 Rxd8 23. Rf3 Bxf3 24. Qe1 Qd3 25. Qe8+ Rxe8 26. dxe8=Q# 1-0

[Event "Challenge"]
[Site "http://www.queenalice.com/game.php?id=1505202"]
[Date "2017.11.23"]
[Round "-"]
[White "taijutsu"]
[Black "knight576"]
[Result "1-0"]
[WhiteElo "1311"]
[BlackElo "1966"]

1. c4 Nf6 2. d3 e5 3. Nf3 d6 4. Nc3 Nbd7 5. b4 Be7 6. e4 O-O 7. Be2 c6 8. O-O
Ne8 9. a3 Ndf6 10. b5 Qc7 11. d4 exd4 12. Nxd4 Be6 13. bxc6 bxc6 14. Qa4 Bd7 15.
c5 dxc5 16. Nf5 Bxf5 17. exf5 Qe5 18. Qxc6 Nd6 19. Bg5 Qxc3 20. Rab1 Rac8 21.
Qa6 Nxf5 22. Bxf6 Qxf6 23. Qxa7 Nd4 24. Bg4 Rcd8 25. h3 c4 26. Rfe1 Bd6 27. Rbd1
c3 28. Qxd4 1-0

[Event "Challenge"]
[Site "http://www.queenalice.com/game.php?id=1505203"]
[Date "2017.11.23"]
[Round "-"]
[White "taijutsu"]
[Black "knight576"]
[Result "1-0"]
[WhiteElo "1281"]
[BlackElo "1996"]

1. e3 d5 2. Nf3 Nf6 3. c3 e6 4. d3 Bd6 5. e4 dxe4 6. dxe4 Nc6 7. Bd3 h6 8. c4
O-O 9. O-O Ng4 10. Be3 Qf6 11. h4 Nxe3 12. fxe3 Qxb2 13. Nc3 Qxc3 14. Rc1 Qa3
15. e5 Nxe5 16. Nxe5 Bxe5 17. Qh5 Qxd3 18. Qxe5 Qd6 19. Qc3 Qe7 20. g4 Qxh4 21.
Rf4 c5 22. g5 Qxg5+ 23. Kf2 e5 24. Rf3 Qe7 25. Rg1 h5 26. e4 Bg4 27. Rf5 Bxf5
28. exf5 1-0

[Event "Challenge"]
[Site "http://www.queenalice.com/game.php?id=1506550"]
[Date "2017.12.2"]
[Round "-"]
[White "eduardocosta"]
[Black "taijutsu"]
[Result "1-0"]
[WhiteElo "1711"]
[BlackElo "1283"]

1. e3 c5 2. Be2 e5 3. Nf3 d6 4. b3 Nf6 5. Bb2 d5 6. Bxe5 Ng4 7. Bxb8 Rxb8 8. Nc3
d4 9. exd4 cxd4 10. Nb5 Bc5 11. d3 a6 12. Nd2 axb5 13. Bxg4 Bxg4 14. Qxg4 O-O
15. Ne4 Rc8 16. O-O Rc6 17. Qh5 Ba3 18. Ng5 Rh6 19. Qg4 Bb2 20. Rab1 Bc3 21. Ne4
Bb4 22. Ng3 Bd2 23. Nf5 Qc7 24. Qxg7# 1-0

[Event "Challenge"]
[Site "http://www.queenalice.com/game.php?id=1507101"]
[Date "2017.12.8"]
[Round "-"]
[White "TomasBlack"]
[Black "taijutsu"]
[Result "1-0"]
[WhiteElo "2213"]
[BlackElo "1285"]

1. e4 h5 2. g4 Nf6 3. f3 hxg4 4. e5 Nd5 5. c4 Nf4 6. d3 gxf3 7. Bxf4 Rg8 8. Qxf3
Nc6 9. Ne2 d6 10. Nbc3 dxe5 11. Be3 Qxd3 12. Rd1 Qxc4 13. Nf4 Qb4 14. Qd5 exf4
15. Bb5 fxe3 16. Bxc6+ bxc6 17. Qd8# 1-0

[Event "Challenge"]
[Site "http://www.queenalice.com/game.php?id=1507859"]
[Date "2017.12.14"]
[Round "-"]
[White "eduardocosta"]
[Black "taijutsu"]
[Result "0-1"]
[WhiteElo "1772"]
[BlackElo "1341"]

1. e3 e5 2. Nf3 Bd6 3. b3 Nf6 4. Bb2 e4 5. Nd4 Bc5 6. Nf5 d5 7. Nxg7+ Kf8 8. Nh5
Bg4 9. Be2 Rg8 10. Nxf6 Rg6 11. Nxg4 d4 12. exd4 Bxd4 13. c3 Bc5 14. O-O Qd5 15.
c4 Qg5 16. Nc3 h5 17. Nxe4 Qf5 18. Ngf6 Nd7 19. Nxd7+ Qxd7 20. Nxc5 Qc6 21. Ba3
Qxg2# 0-1

[Event "Challenge"]
[Site "http://www.queenalice.com/game.php?id=1508163"]
[Date "2017.12.16"]
[Round "-"]
[White "eduardocosta"]
[Black "taijutsu"]
[Result "1-0"]
[WhiteElo "1718"]
[BlackElo "1336"]

1. e3 e5 2. Nf3 Nc6 3. Bb5 e4 4. Bxc6 exf3 5. Bxf3 Bd6 6. c3 Nf6 7. d4 c5 8. Qb3
a5 9. Qb5 b6 10. Bxa8 O-O 11. Bf3 Qe7 12. Qe2 cxd4 13. cxd4 Ne4 14. Qc2 Bb4+ 15.
Bd2 Qg5 16. Bxe4 f5 17. Bd5+ Kh8 18. Bxb4 Re8 19. O-O axb4 20. Bf3 d5 21. Bxd5
f4 22. exf4 Qxd5 23. Qa4 b5 24. Qxb4 Bf5 25. Nc3 Qb7 26. Qxb5 Qxb5 27. Nxb5 Re2
28. b3 Bd7 29. Nc3 Re6 30. g3 Rc6 31. Ne4 Bf5 32. Ng5 h5 33. d5 Rd6 34. Nf7+ Kg8
35. Nxd6 h4 36. Nxf5 hxg3 37. fxg3 Kf7 38. Rfe1 g6 39. Nh4 Kf6 40. d6 g5 41.
fxg5+ Kf7 42. d7 Kg7 43. d8=Q Kh7 44. Re7# 1-0

[Event "Challenge"]
[Site "http://www.queenalice.com/game.php?id=1510555"]
[Date "2018.1.4"]
[Round "-"]
[White "colonelkurtz"]
[Black "taijutsu"]
[Result "0-1"]
[WhiteElo "1491"]
[BlackElo "1329"]

1. d4 e6 2. g3 d6 3. Bg2 Nf6 4. e4 d5 5. e5 Ne4 6. Bxe4 dxe4 7. Nc3 Nc6 8. Be3
b5 9. Nxe4 Bb4+ 10. c3 Ba5 11. b4 Qd5 12. f3 f6 13. a4 fxe5 14. bxa5 Nxa5 15.
dxe5 Qxe5 16. Nh3 Nc4 17. Bf4 Qf5 18. Bxc7 O-O 19. Ng1 b4 20. Ne2 Qxf3 21. Rf1
Qxf1# 0-1

[Event "Challenge"]
[Site "http://www.queenalice.com/game.php?id=1511223"]
[Date "2018.1.10"]
[Round "-"]
[White "cavaliernoir"]
[Black "taijutsu"]
[Result "1-0"]
[WhiteElo "1370"]
[BlackElo "1351"]

1. e4 e6 2. b3 d5 3. f3 e5 4. Nc3 c6 5. d4 Bb4 6. Bd2 Qa5 7. Nce2 c5 8. dxc5
Qxc5 9. f4 dxe4 10. fxe5 e3 11. c3 Na6 12. Nf3 Ne7 13. cxb4 Nxb4 14. Bc3 Ned5
15. Rc1 Bf5 16. Qd4 Nd3+ 17. Kd1 Qb5 18. Nf4 O-O-O 19. Bxd3 Bxd3 20. Nxd3 Nxc3+
21. Rxc3+ Kb8 22. Qxe3 Rhe8 23. a4 Qa5 24. Rc5 Qb6 25. b4 Qa6 26. Kd2 Qxa4 27.
Ng5 Qa2+ 28. Rc2 Qd5 29. Rg1 b6 30. Nxh7 Kb7 31. h4 Rxe5 32. Qf3 Kb8 33. Ng5 f6
34. Re1 Rxe1 35. Kxe1 Qxd3 36. Rc3 Qb1+ 37. Kf2 fxg5 38. hxg5 Qxb4 39. g4 Rf8
40. Rc8+ Kxc8 41. Qf5+ Rxf5+ 42. gxf5 Qf4+ 43. Ke2 Qxf5 44. Ke3 Qxg5+ 45. Kd4 a5
46. Kc3 Qg4 47. Kb3 g5 48. Kc3 b5 49. Kb3 Qc4+ 50. Kb2 b4 51. Kb1 1-0

[Event "Challenge"]
[Site "http://www.queenalice.com/game.php?id=1511233"]
[Date "2018.1.10"]
[Round "-"]
[White "eduardocosta"]
[Black "taijutsu"]
[Result "1-0"]
[WhiteElo "1724"]
[BlackElo "1334"]

1. e3 d5 2. Be2 Nd7 3. b3 Ngf6 4. Bb2 e5 5. Nf3 Ne4 6. Bxe5 f6 7. Bb2 Ndc5 8. d3
Nd6 9. Ba3 Nb5 10. d4 Ne6 11. Bxf8 Rxf8 12. Bxb5+ c6 13. Bd3 Qa5+ 14. Qd2 Qb6
15. Nc3 f5 16. Na4 Qc7 17. Ne5 f4 18. Bxh7 Rh8 19. Bg6+ Ke7 20. Bf5 c5 21. Ng6+
Kd7 22. Nxh8 cxd4 23. Bxe6+ Kxe6 24. Qxd4 Bd7 25. Ng6 Qa5+ 26. Qc3 1-0

[Event "OA INCLIVES"]
[Site "http://www.queenalice.com/game.php?id=1511803"]
[Date "2018.1.14"]
[Round "-"]
[White "adelio"]
[Black "taijutsu"]
[Result "0-1"]
[WhiteElo "1319"]
[BlackElo "1316"]

1. d4 d6 2. c4 d5 3. e4 dxe4 4. Nc3 Nf6 5. f3 e6 6. Nxe4 Bb4+ 7. Nc3 Nc6 8. Be3
O-O 9. Be2 e5 10. dxe5 Qxd1+ 11. Rxd1 Nxe5 12. Kf1 Bxc3 13. bxc3 Bf5 14. g4
Nfxg4 15. fxg4 Bxg4 0-1

[Event "OS INCLIVES"]
[Site "http://www.queenalice.com/game.php?id=1511804"]
[Date "2018.1.14"]
[Round "-"]
[White "taijutsu"]
[Black "adelio"]
[Result "1-0"]
[WhiteElo "1299"]
[BlackElo "1336"]

1. d4 d5 2. e3 e6 3. Nc3 a6 4. Bd3 b5 5. Nge2 c5 6. dxc5 Bxc5 7. a4 b4 8. Na2 b3
9. cxb3 Nd7 10. b4 Ba7 11. Nd4 Bxd4 12. exd4 Nf8 13. b5 Ng6 14. bxa6 Nf6 15. Nb4
Ne4 16. O-O 1-0

[Event "Challenge"]
[Site "http://www.queenalice.com/game.php?id=1636731"]
[Date "2020.12.17"]
[Round "-"]
[White "taijutsu"]
[Black "TomasBlack"]
[Result "0-1"]
[WhiteElo "1332"]
[BlackElo "2233"]

1. c4 e6 2. d3 c5 3. g3 Nf6 4. Nf3 d5 5. Ne5 Bd6 6. Qa4+ Bd7 7. Nxd7 Nbxd7 8.
Bh3 O-O 9. Bf4 Nb6 10. Qb5 a6 11. Qa5 Bxf4 12. gxf4 Nfd7 13. d4 Nxc4 14. Qc3 Qc7
15. dxc5 Qxf4 16. Rg1 Qh6 17. b3 Nce5 18. Nd2 Rfc8 19. Qd4 Qxh3 20. Nf3 Nxf3+
21. Kd1 Nxg1 0-1

[Event "Challenge"]
[Site "http://www.queenalice.com/game.php?id=1636908"]
[Date "2020.12.18"]
[Round "-"]
[White "TomasBlack"]
[Black "taijutsu"]
[Result "1-0"]
[WhiteElo "2234"]
[BlackElo "1312"]

1. e4 e5 2. Nf3 Nf6 3. Nc3 Bc5 4. d4 exd4 5. Nxd4 Bxd4 6. Qxd4 Nc6 7. Qd1 O-O 8.
Bd3 d5 9. exd5 Nxd5 10. Nxd5 Qxd5 11. O-O Bf5 12. Bxf5 Qxf5 13. Be3 Ne5 14. Qd4
Qxc2 15. Qxe5 Rae8 16. Qg3 Qxb2 17. Rab1 Qxa2 18. Bh6 Kh8 19. Qxg7# 1-0

[Event "Challenge"]
[Site "http://www.queenalice.com/game.php?id=1640838"]
[Date "2021.1.21"]
[Round "-"]
[White "taijutsu"]
[Black "BMJFF33"]
[Result "0-1"]
[WhiteElo "1330"]
[BlackElo "1288"]

1. d4 d5 2. Nc3 e6 3. e3 Bb4 4. Bb5+ c6 5. Ba4 Bxc3+ 6. bxc3 b5 7. Bxb5 cxb5 8.
Qf3 Na6 9. Rb1 Qa5 10. Nh3 Nc7 11. Nf4 Qxa2 12. Rb4 Qxc2 13. O-O Qxc3 14. Bb2
Qc6 15. Nd3 a5 16. Ne5 Qb7 17. Rb3 f6 18. Nd3 a4 19. Ra3 b4 20. Rxa4 Rxa4 21.
Nc5 Qb5 22. Nb3 Qc4 23. Nc5 Ra2 24. Bc1 b3 25. Qg3 g5 26. Qxc7 Ne7 27. g4 Ra1
28. Bb2 Rxf1+ 29. Kg2 h5 30. Kg3 Qe2 31. Nxe6 Qxf2+ 32. Kh3 Qf3+ 33. Qg3 hxg4#
0-1

[Event "Let's Play Chess!"]
[Site "http://www.queenalice.com/game.php?id=1642268"]
[Date "2021.2.2"]
[Round "-"]
[White "taijutsu"]
[Black "bobifixer"]
[Result "0-1"]
[WhiteElo "1310"]
[BlackElo "2072"]

1. c4 Nf6 2. Nc3 e6 3. e3 d5 4. cxd5 exd5 5. d4 g6 6. Bd3 Bg7 7. e4 dxe4 8. Bxe4
Nxe4 9. Nxe4 Qxd4 10. Qxd4 Bxd4 11. Be3 Bxb2 12. Rd1 O-O 13. Nf3 Nc6 14. Nfg5
Bf5 15. Nf6+ Bxf6 0-1

[Event "Challenge"]
[Site "http://www.queenalice.com/game.php?id=1642500"]
[Date "2021.2.3"]
[Round "-"]
[White "taijutsu"]
[Black "TomasBlack"]
[Result "0-1"]
[WhiteElo "1308"]
[BlackElo "2235"]

1. c4 c5 2. Nc3 e6 3. e3 d5 4. cxd5 exd5 5. e4 d4 6. Nd5 Be6 7. Bc4 Nf6 8. Nf3
Nxe4 9. d3 Nd6 10. Ne5 f6 11. Qh5+ g6 12. Nxg6 Bf7 13. Qe2+ Kd7 14. Nxh8 Bxd5
15. Bxd5 Qe7 16. Bxb7 Nxb7 17. Qe4 Qxe4+ 18. dxe4 Ke7 19. f4 Bg7 20. O-O Nc6 21.
Rf3 Rxh8 22. f5 Ne5 23. Rb3 Rb8 24. Bf4 Kd7 25. Rg3 Bf8 26. Rg8 Nd6 27. h4 Ke8
28. g4 Rxb2 29. g5 Kf7 30. Rxf8+ Kxf8 31. gxf6 Nxe4 32. Bxe5 Rf2 33. Re1 d3 34.
Rxe4 d2 35. Kxf2 d1=Q 36. Rc4 Qd2+ 37. Kg3 Qd3+ 38. Kf2 Qxc4 39. Ke3 Qd5 40. Kf4
Qxa2 41. Bd6+ Kf7 42. Bxc5 Qc4+ 0-1